| 000 | 01742nam0a2200385 4500 | ||
|---|---|---|---|
| 001 | RU\NLR\bibl\133275 | ||
| 005 | 20260406053206.0 | ||
| 010 |
_a5-93615-007-0 _bВладимир Даль |
||
| 010 |
_a5-87399-055-7 _bЮвента _92000 |
||
| 021 |
_aRU _b2000-51819 _92388 |
||
| 035 | _a(NLR Aleph) 000130546 | ||
| 090 |
_a745457 _c745457 |
||
| 100 | _a20010205d2000 |||y0rusy50 ca | ||
| 101 | 1 |
_arus _cfre |
|
| 102 | _aRU | ||
| 105 | _ac ||||||||| | ||
| 200 | 1 |
_aДневник, 1939-1945 _fПьер Дрие ла Рошель _gПер. с фр. под ред. С. Л. Фокина |
|
| 210 |
_aСПб. _cВладимир Даль _cЮвента _d2000 |
||
| 215 |
_a600,[2] с., [1] л. портр. _d21 |
||
| 225 | 1 |
_aДневники ХХ века _fРедкол.: ...Ю.Н. Солонин (пред.) и др. |
|
| 300 | _aЗагл. и авт. ориг.: Journal, 1939-1945/ Pierre Drieu la Rochelle | ||
| 454 | 0 |
_12001#$aJournal, 1939-1945$fPierre Drieu la Rochelle _tJournal, 1939-1945 |
|
| 600 | 1 |
_aДриё Ла Рошель _bП. _f1893 - 1945 _gПьер _jДневники _91015378 _3RU\NLR\AUTH\66387184 |
|
| 610 | 0 | _aФранцузская литература, 20 в. | |
| 686 | _aШ5(4Фр)6-4Дриё Ла Рошель 12 | ||
| 700 | 1 |
_4070 _7ca _8rus _aДриё Ла Рошель _bП. _f1893-1945 _gПьер _9230745 _3RU\NLR\AUTH\770230801 |
|
| 702 | 1 |
_4340 _8rus _7ca _aФокин _bС. Л. _cд-р филол. наук _f1959- _gСергей Леонидович _3RU\NLR\auth\778000 _9117921 |
|
| 801 | 0 |
_aRU _bRKP _c20010205 _gPSBO |
|
| 801 | 1 |
_aRU _bRKP _c20010205 |
|
| 801 | 2 |
_aRU _bNLR _c20110913 _grcr |
|
| 852 |
_aNLR _j2000-5/5203 |
||
| 942 | _cBOOK | ||
| 980 | _aNB | ||